Population, resources, environment / (Record no. 3590)
[ view plain ]
| 000 -LEADER | |
|---|---|
| fixed length control field | 01002pam a2200301 i 4500 |
| 001 - CONTROL NUMBER | |
| control field | 1302946 |
| 003 - CONTROL NUMBER IDENTIFIER | |
| control field | OSt |
| 005 - DATE AND TIME OF LATEST TRANSACTION | |
| control field | 20170728101500.0 |
| 008 - FIXED-LENGTH DATA ELEMENTS--GENERAL INFORMATION | |
| fixed length control field | 770413s1977 caua b 001 0 eng |
| 010 ## - LIBRARY OF CONGRESS CONTROL NUMBER | |
| LC control number | 77006824 |
| 020 ## - INTERNATIONAL STANDARD BOOK NUMBER | |
| International Standard Book Number | 0716705672. |
| -- | 0716700298 |
| 040 ## - CATALOGING SOURCE | |
| Original cataloging agency | DLC |
| Transcribing agency | DLC |
| Modifying agency | DLC |
| 050 00 - LIBRARY OF CONGRESS CALL NUMBER | |
| Classification number | HB871 |
| Item number | .E35 1977 |
| 082 00 - DEWEY DECIMAL CLASSIFICATION NUMBER | |
| Classification number | 301.32 |
| 100 1# - MAIN ENTRY--PERSONAL NAME | |
| Personal name | Ehrlich, Paul R. |
| 9 (RLIN) | 3627 |
| 245 10 - TITLE STATEMENT | |
| Title | Population, resources, environment / |
| Statement of responsibility, etc. | Paul R. Ehrlich, Anne H. Ehrlich |
| 260 ## - PUBLICATION, DISTRIBUTION, ETC. | |
| Place of publication, distribution, etc. | San Francisco : |
| Name of publisher, distributor, etc. | W. H. Freeman, |
| Date of publication, distribution, etc. | c1977. |
| 300 ## - PHYSICAL DESCRIPTION | |
| Extent | xv, 383 p. : |
| Other physical details | ill. ; |
| Dimensions | 25 cm. |
| 500 ## - GENERAL NOTE | |
| General note | First-2d ed. published under title: Population, resources, environment. |
| 504 ## - BIBLIOGRAPHY, ETC. NOTE | |
| Bibliography, etc. note | Includes bibliographical references and indexes. |
| 650 #0 - SUBJECT ADDED ENTRY--TOPICAL TERM | |
| Topical term or geographic name entry element | Population. |
| 9 (RLIN) | 3628 |
| 650 #0 - SUBJECT ADDED ENTRY--TOPICAL TERM | |
| Topical term or geographic name entry element | Pollution. |
| 9 (RLIN) | 2629 |
| 650 #0 - SUBJECT ADDED ENTRY--TOPICAL TERM | |
| Topical term or geographic name entry element | Human ecology. |
| 9 (RLIN) | 3629 |
| 700 1# - ADDED ENTRY--PERSONAL NAME | |
| Personal name | Ehrlich, Anne H., |
| Relator term | joint author. |
| 9 (RLIN) | 3630 |
| 700 1# - ADDED ENTRY--PERSONAL NAME | |
| Personal name | Holdren, John P., |
| Relator term | joint author. |
| 9 (RLIN) | 3631 |
| 906 ## - LOCAL DATA ELEMENT F, LDF (RLIN) | |
| a | 7 |
| b | cbc |
| c | orignew |
| d | 1 |
| e | ocip |
| f | 19 |
| g | y-gencatlg |
| 942 ## - ADDED ENTRY ELEMENTS (KOHA) | |
| Source of classification or shelving scheme | |
| Koha item type | Book |
| Withdrawn status | Lost status | Source of classification or shelving scheme | Damaged status | Not for loan | Collection code | Permanent Location | Current Location | Shelving location | Date acquired | Total Checkouts | Full call number | Barcode | Date last seen | Price effective from | Koha item type |
|---|---|---|---|---|---|---|---|---|---|---|---|---|---|---|---|
| Central Library (CL) | Central Library (CL) | General Stacks | 08/05/2016 | 301.32 EHR | S3H-N-990 | 07/04/2025 | 08/05/2016 | Book | |||||||
| Central Library (CL) | Central Library (CL) | General Stacks | 08/05/2016 | 301.32 EHR | S3H-N-991 | 08/05/2016 | 08/05/2016 | Book |
